000 00284nam a22001337a 4500
008 181031b xxu||||| |||| 00| 0 eng d
020 _a0155507257
041 _aeng
080 _a316
100 _a50
101 _aSOC
245 _aLife and Morals
_cBierman, A.K
942 _2udc
_cBK
999 _c51334
_d51334